Một số vấn đề lí luận về định tội danh và hướng dẫn giải bài tập định tội danh
Đã lưu trong:
| 主要作者: | |
|---|---|
| 格式: | 圖書 |
| 語言: | Undetermined |
| 出版: |
Hà Nội
Đại học Quốc gia Hà Nội
1999
|
| 主題: | |
| 標簽: |
添加標簽
沒有標簽, 成為第一個標記此記錄!
|
| Thư viện lưu trữ: | Trung tâm Học liệu Trường Đại học Cần Thơ |
|---|
| LEADER | 00607nam a2200169Ia 4500 | ||
|---|---|---|---|
| 001 | CTU_32876 | ||
| 008 | 210402s9999 xx 000 0 und d | ||
| 082 | |a 364 | ||
| 082 | |b T406 | ||
| 100 | |a Trịnh Quốc Toản | ||
| 245 | 0 | |a Một số vấn đề lí luận về định tội danh và hướng dẫn giải bài tập định tội danh | |
| 245 | 0 | |c Trịnh Quốc Toản | |
| 260 | |a Hà Nội | ||
| 260 | |b Đại học Quốc gia Hà Nội | ||
| 260 | |c 1999 | ||
| 650 | |a criminal law,criminology | ||
| 980 | |a Trung tâm Học liệu Trường Đại học Cần Thơ | ||